Normal view
MARC view
- Supervisor Dr Muhammad Bilal Khurshid
Entry Personal Name
001 - CONTROL NUMBER
- control field: 36208
003 - CONTROL NUMBER IDENTIFIER
- control field: NUST
005 - DATE AND TIME OF LATEST TRANSACTION
- control field: 20210312152115.0
008 - FIXED-LENGTH DATA ELEMENTS
- fixed length control field: 210312|| aca||aabn | a|a d
040 ## - CATALOGING SOURCE
- Original cataloging agency: NUST
- Transcribing agency: NUST
100 ## - HEADING--PERSONAL NAME
- Personal name: Supervisor Dr Muhammad Bilal Khurshid
670 ## - SOURCE DATA FOUND
- Source citation: Work cat.: (NUST)15143: Usama Khan 36207, Revitilization of Pakistan Railways Freight Transportation under CPEC (China Pakistan Economic Corridor) Scenario , 2020.
